Ecuaciones diferenciales aplicadas a la práctica
Tallennettuna:
| Päätekijä: | |
|---|---|
| Aineistotyyppi: | Kirja |
| Kieli: | espanja |
| Julkaistu: |
Moscú
Mir
1990
|
| Sarja: | Ciencia Popular
|
| Aiheet: | |
| Tagit: |
Lisää tagi
Ei tageja, Lisää ensimmäinen tagi!
|
MARC
| LEADER | 00000nam a2200000 a 4500 | ||
|---|---|---|---|
| 001 | UCY2010 | ||
| 003 | CL-VaPUC | ||
| 008 | 941005e19900000RU |||||||||||||||||spa|d | ||
| 082 | 0 | 4 | |a 515.35 |b AME |2 21 |
| 100 | 0 | |a Amelkin, V |e author |9 330076 | |
| 245 | 1 | 0 | |a Ecuaciones diferenciales aplicadas a la práctica |
| 300 | |a 271 p | ||
| 942 | |c BK | ||
| 945 | |d 19941005 00:00:00 |a mfernand | ||
| 260 | |a Moscú |b Mir |c 1990 | ||
| 650 | 0 | |a Ecuaciones diferenciales |9 260083 | |
| 583 | |a last modification |c 20120821 08:46:14 |k Rodrigo Vera | ||
| 490 | 0 | |a Ciencia Popular | |
| 999 | |c 230540 |d 230538 | ||